| 000 | 00987pam a2200289 a 4500 | ||
|---|---|---|---|
| 001 | 3889185 | ||
| 003 | GBCCL | ||
| 005 | 20241126110341.0 | ||
| 008 | 900330s1990 miu 001 0 eng | ||
| 010 | _a 90035700 | ||
| 020 |
_a0802830560 _c$39.95 |
||
| 040 |
_aDLC _cDLC _dDLC |
||
| 041 | 0 | _aenggre | |
| 050 | 0 | 0 |
_aBS2625.3 _b.B73 1990 |
| 082 | 0 | 0 |
_a226.6077 _220 _bBRU |
| 100 | 1 |
_aBruce, F. F. _q(Frederick Fyvie), _d1910-1990. |
|
| 245 | 1 | 4 |
_aThe Acts of the Apostles : _bthe Greek text with introduction and commentary / _cby F.F. Bruce. |
| 260 |
_aGrand Rapids, Mich. : _bW.B. Eerdmans, _c1975, c1951. |
||
| 300 |
_axxvii, 491 p. ; _c24 cm. |
||
| 500 | _aEnglish and Greek. | ||
| 500 | _aIncludes indexes. | ||
| 630 | 0 | 0 |
_aBible. _pActs _xCommentaries. |
| 730 | 0 | 2 |
_aBible. _pActs. _lGreek. _f1990. |
| 906 |
_a7 _bcbc _corignew _d1 _eocip _f19 _gy-gencatlg |
||
| 942 |
_2ddc _cBK |
||
| 999 |
_c593 _d593 |
||